| 000 | 00484cam a22001217a 4500 | ||
|---|---|---|---|
| 999 |
_c508572 _d508572 |
||
| 008 | 180718b1966 xxu||||| |||| 00| 0 eng d | ||
| 082 | _aBA27x5411 As72t/1985-86 | ||
| 100 |
_aAssam. Department for Welfare of Plains Tribes and Backward Classes _92570 |
||
| 245 |
_aSeventh five year plan 1985-90 and annual plan 1985-86: tribal sub plan _cby Department for Welfare of Plains Tribes and Backward Classes |
||
| 260 |
_aDispur _bGovernment of Assam _c1985 |
||
| 300 | _av.p. | ||
| 942 | _2ddc | ||